| 000 | 00502nam a2200157 a 4500 | ||
|---|---|---|---|
| 008 | 120416s1986 ||||||||||||||||| || u | ||
| 020 | _a0582033802 | ||
| 050 | _aTA 710 Smi | ||
| 100 | _aSmith, Michael John | ||
| 245 | 1 | 0 | _aSoil mechanics |
| 250 | _a4th ed. | ||
| 260 |
_aHarlow _bLongman _c1986 |
||
| 300 | _a(viii), 168p. : ill. | ||
| 350 | _a0.00 | ||
| 995 |
_D0.00 _FCBU-MAIN LIBRARY (Kitwe) _H1 _I0.00 _ULOST _ZMain Library Open Access Collection |
||
| 999 |
_c57840 _d57840 |
||